| 000 | 00763pam a2200241 a 4500 | ||
|---|---|---|---|
| 020 | _a0521268893 | ||
| 020 | _a0521317096 (pbk.) | ||
| 040 | _cDLC | ||
| 082 | 0 | 0 | _a418 CAM 1986 A023 Or. |
| 100 | 1 | _aGairns, Ruth. | |
| 245 | 1 | 0 |
_aWorking with words : _ba guide to teaching and learning vocabulary / |
| 260 |
_aCambridge [Cambridgeshire] ; _aNew York : _bCambridge University Press, _c1986. |
||
| 300 |
_aviii, 200 p. : _bill. ; _c24 cm. |
||
| 500 | _aIncludes index. | ||
| 650 | 0 | _aVocabulary | |
| 650 | 0 | _aTeachers | |
| 650 | 0 | _aTeaching | |
| 650 | 0 | _aEnglish language | |
| 700 | 1 | _aRedman, Stuart. | |
| 856 | 4 | 2 | _uhttp://www.loc.gov/catdir/description/cam023/85030871.html |
| 856 | 4 | 1 | _uhttp://www.loc.gov/catdir/toc/cam026/85030871.html |
| 942 | _cEK | ||
| 999 |
_c14224 _d14224 |
||